| 000 | 02300nam a22002777a 4500 | ||
|---|---|---|---|
| 999 |
_c58511 _d58511 |
||
| 003 | Ge_BSU | ||
| 005 | 20220511124712.0 | ||
| 008 | 220511s2018 ge ||||| |||| 00| 0 geo d | ||
| 020 | _a9788378931744 | ||
| 041 | _ageo | ||
| 080 | _a811.353.1'282'373 ბ-52 | ||
| 100 |
_aბერიძე, მარინა _913718 |
||
| 245 |
_aფერეიდნული დიალექტის კორპუსული ლექსიკონი : _b(ქართული დიალექტური კორპუსი) / _cმარინა ბერიძე, ლია ბაკურაძე, ნიკოლოზ ნახუცრიშვილი ; რედაქტორები: ზაქარია ფურცხვანიძე, ელენე ნაპირელი ; სახელმწ. ენის დეპარტამენტი, თსუ არნ. ჩიქობავას სახ. ენათმეცნიერების ინ-ტი. |
||
| 264 |
_aთბილისი, _c2018. |
||
| 300 |
_a372 გვ. ; _b 24 სმ. |
||
| 490 | _aსაბა - ქართული ლექსიკონი | ||
| 500 | _aყდაზე ავტორები მითითებულები არ არიან. თავფურცლის მე-3 გვერდი ინგლისურ ენაზე. ყდა ქართულ და ინგლისურ ენებზე. | ||
| 653 | _aქართული ენის დიალექტური ლექსიკონი. | ||
| 653 | _a ფერეიდნული დიალექტი. | ||
| 700 |
_aბაკურაძე, ლია, ავტორი. _913719 |
||
| 700 |
_aნახუცრიშვილი, ნიკოლოზ _e ავტორი _93951 |
||
| 700 |
_aფურცხვანიძე, ზაქარია _eრედაქტორი _92140 |
||
| 700 |
_aნაპირელი, ელენე _eრედაქტორი _913720 |
||
| 710 |
_aთსუ. არნ. ჩიქობავას სახ. ენათმეცნიერების ინსტიტუტი. _b სახელმწიფო ენის დეპარტამენტი. _913721 |
||
| 942 |
_2udc _cBK |
||